|
|
|
|
| LEADER |
00000nam a22000007a 4500 |
| 005 |
20160928172114.0 |
| 007 |
cr|||| ||u| |
| 008 |
160928s2016 Mx |||||o|||| 001 0 Spa d |
| 020 |
|
|
|a 978-607-440-923-9
|
| 035 |
|
|
|a 14336
|
| 040 |
|
|
|a vLex
|
| 090 |
|
|
|c 6244
|d 6244
|
| 100 |
1 |
|
|a Přez Chavez, Još
|
| 245 |
1 |
|
|a Leyes Aduanales y de Comercio Exterior 2016
|h [Recurso electrn̤ico] /
|c Jos ̌Přez Chavez, Raymundo Fol Olguin.
|
| 256 |
|
|
|a Servicio en ln̕ea
|
| 300 |
|
|
|a 1 Recurso electrn̤ico
|
| 506 |
1 |
|
|a vLex Global
|d vLex Global (Academic Edition, excluding Law Schools)
|d vLex Global (U.S. Academic Edition, Law Schools)
|d vLex Global (U.S. Academic Edition, excluding Law Schools)
|d vLex Global (Academic Edition, Law Schools)
|
| 650 |
0 |
4 |
|2 Derecho fiscal
|z Mx̌ico
|
| 650 |
0 |
4 |
|2 Derecho mercantil
|z Mx̌ico
|
| 650 |
0 |
4 |
|2 Comercio exterior
|z Mx̌ico
|
| 700 |
1 |
|
|a Fol Olguin, Raymundo
|
| 740 |
0 |
|
|a vLex libros (servicio en ln̕ea)
|
| 856 |
4 |
0 |
|z Acceso restringido
|u http://vlex.com/source/leyes-aduanales-comercio-exterior-2016-14336
|
| 942 |
|
|
|c BOOK
|
| 999 |
0 |
|
|a Taxation-law and legislation
|
| 999 |
0 |
|
|a Commercial law
|
| 999 |
0 |
|
|a International trade
|